| 000 | 00705nam a22002297a 4500 | ||
|---|---|---|---|
| 001 | 11800 | ||
| 003 | BD-JhCC | ||
| 005 | 20240311075451.0 | ||
| 008 | 201102b2018 bg ||||| ||a| 001 0 ben d | ||
| 020 | _a9847015400766 | ||
| 035 | _a(BD-JhCC)11800 | ||
| 040 |
_aBD-JhCC _dBD-JhCC |
||
| 041 | _aben | ||
| 082 |
_a891.443 _bCHO 2018 |
||
| 100 | _aশরৎচন্দ্র চট্রোপাধ্যায় | ||
| 245 |
_aপথের দাবী / _cচট্রোপাধ্যায়, শরৎচন্দ্র |
||
| 260 |
_aঢাকা: _bজয় প্রকাশন; _c২০১৮. |
||
| 300 |
_a182 p. : _c20 cm |
||
| 650 | _aNovel | ||
| 942 |
_2ddc _cBK _03 |
||
| 999 |
_c11800 _d11800 |
||